Being A Nursing Assistant (Record no. 154674)
[ view plain ]
| 000 -LEADER | |
|---|---|
| fixed length control field | 00365nam a2200133Ia 4500 |
| 008 - FIXED-LENGTH DATA ELEMENTS--GENERAL INFORMATION | |
| fixed length control field | 230411s9999 xx 000 0 und d |
| 041 ## - LANGUAGE CODE | |
| Language code of text/sound track or separate title | eng |
| 082 ## - DEWEY DECIMAL CLASSIFICATION NUMBER | |
| Classification number | F/610.73/WOL/B03884 |
| 100 ## - MAIN ENTRY--PERSONAL NAME | |
| Personal name | Wolgin Francie |
| 9 (RLIN) | 177978 |
| 245 ## - TITLE STATEMENT | |
| Title | Being A Nursing Assistant |
| 260 ## - PUBLICATION, DISTRIBUTION, ETC. (IMPRINT) | |
| Name of publisher, distributor, etc. | American Hospital Association |
| Place of publication, distribution, etc. | New Jersey |
| Date of publication, distribution, etc. | 2005 |
| 300 ## - PHYSICAL DESCRIPTION | |
| Extent | 751p |
| Withdrawn status | Lost status | Damaged status | Not for loan | Collection code | Home library | Current library | Date acquired | Vendor | Cost, normal purchase price | Bill number | Total Checkouts | Full call number | Barcode | Date last seen | Cost, replacement price | Bill Date | Koha item type | Original Barcode |
|---|---|---|---|---|---|---|---|---|---|---|---|---|---|---|---|---|---|---|
| Smt. Bakul Tambat Institute of Nursing Education | Smt. Bakul Tambat Institute of Nursing Education | 22/02/2007 | B.J.Medical Co-oprative College Stores | 2401.00 | 1025 | F 610.73 WOL B03884 | BTIN-BK-3884 | 11/04/2023 | 1753.00 | 22/02/2007 | Books | B03884 |